| 000 | 00560nam a22001937a 4500 | ||
|---|---|---|---|
| 005 | 20220802124214.0 | ||
| 008 | 220802b ||||| |||| 00| 0 eng d | ||
| 040 | _cAL | ||
| 041 | _aEnglish | ||
| 082 |
_223 _a344 _bINTL |
||
| 100 |
_aInternational Labour Office _954329 |
||
| 245 | _aLabour Legislation in India | ||
| 260 |
_aNew Delhi _bInternational Labour Office _c1957 |
||
| 300 |
_a122 p. _bPB _c24x16 cm. |
||
| 650 |
_aIndia _954330 |
||
| 650 |
_aLabor laws and legislation _954331 |
||
| 700 |
_aINTERNATIONAL LABOUR OFFICE _954332 |
||
| 942 |
_2ddc _cGF |
||
| 999 |
_c224360 _d224360 |
||